| 000 | 01688nam a2200469 4500 | ||
|---|---|---|---|
| 999 |
_c22844 _d22844 |
||
| 001 | vtls011900181 | ||
| 005 | 20200129125619.0 | ||
| 008 | 191113s2019 xo a c dn 000 0 slo c | ||
| 020 |
_a9788055641355 _q(viazané) |
||
| 040 |
_aPPPK _bslo _cPPPK _erda |
||
| 041 | 0 | _aslo | |
| 044 |
_axo _cSK |
||
| 072 | 7 |
_a39 _xEtnológia. Etnografia. Folklór _2konspekt |
|
| 072 | 7 |
_a0/9-053.2 _xLiteratúra pre deti a mládež (náučná) _2konspekt |
|
| 080 |
_a398.1 _22011 |
||
| 080 |
_a39 _22011 |
||
| 080 |
_a(437.6) _22011 |
||
| 080 |
_a(0.062) _22011 |
||
| 080 |
_a(0.05) _22011 |
||
| 100 | 1 |
_aMintalová, Zora, _d1950- _4aut _91608 |
|
| 245 | 1 | 0 |
_aZdravia, šťastia vinšujeme _bnaše ľudové tradície a sviatky _cZora Mintalová Zubercová ; ilustroval: František Hříbal |
| 250 | _aPrvé slovenské vydanie | ||
| 264 | 1 |
_aBratislava _bSlovart _c2019 |
|
| 300 |
_a244 strán _bilustrácie _c24 cm |
||
| 336 |
_atext _btxt _2rdacontent |
||
| 337 |
_abez média _bn _2rdamedia |
||
| 338 |
_azväzok _bnc _2rdacarrier |
||
| 500 | _aObsahuje biografické údaje o autorke | ||
| 650 | 0 | 7 |
_aľudové tradície _2SNKPH _91609 |
| 650 | 0 | 7 |
_azvyky a obyčaje _2SNKPH _91610 |
| 650 | 0 | 7 |
_aFolk traditions _2NKP _91611 |
| 650 | 0 | 7 |
_aManners and customs _2SNKPHeng _91612 |
| 651 | 7 |
_aSlovensko _2SNKPHgeo _91613 |
|
| 651 | 7 |
_aSlovakia _2SNKPHeng _91614 |
|
| 655 | 7 |
_apopulárno-náučné publikácie _2SNKPH _91486 |
|
| 655 | 7 |
_apublikácie pre deti _2SNKPH _91464 |
|
| 655 | 7 |
_aPopular works _2SNKPHeng _91487 |
|
| 655 | 7 |
_aPublications for children _2SNKPHeng _91488 |
|
| 700 | 1 |
_aHříbal, František _4ill _91615 |
|
| 958 | _aDB | ||